02823ngm a22002777a 450000500170000000800410001702000150005802800170007305000240009024501530011426000380026730000550030550803130036051100770067352007760075053000290152653800690155554600660162458606320169065100850232270000320240770000310243971000180247071000250248871000320251320160714091105.0160714t20062008mx 097|b |||| s0| v ara d4 a97073322964 a78970733229400aPN1995.9.bC65 200803aEl color de los olivosbUna historia de la vida cotidiana en Palestinacdirectora Carolina Rivas ; producida por Daoud Sarhandi.h[videograbación] aMéxico :bEnsenada Films,c2008 a1 videodisco (97 min.)bsonido, colorc4 3/4 plg. a Asistente de dirección Miriam Dalu ; Online Ricardo Garfias y Daoud Sarhandi ; incidentales Francisco Bribiesca ; audio post de incidentales Juan Amezaga ; sonido, diseño sonoro, fotografía y edición por Daoud Sarhandi ; diseño sonoro adicional y mezcla stereo Jacobo Martínez.0 aFamilia Amer: Hani, Monira, Nidal, Hisham, Asia, Ishak, Maisa y Shaddad. aComo muchas familias palestinas, los Amers viven rodeados por el infame muro en Cisjordania. Su vida cotidiana está dominada por puertas electrificadas, candados y la presencia constante de soldados. A través de una lente sensible, descubrimos el mundo privado de ocho miembros de la familia. En el transcurrir de sus días se revelan sus luchas constantes y los pequeños detalles de su vida: incluyendo árboles de olivo, dos burros pequeños y las amistades de la escuela. El contacto cotidiano con todos estos elementos nos revelan un mundo desconocido del pueblo palestino. La historia de la familia Amer constituye un punto de partida para hacer una compleja reflexión sobre los efectos de la segregación racial, las fronteras y lo absurdo de la guerra. aClasificación B-15. aDVD ; región 1 y 4 ; widescreen ; Dolby digital stereo 2.0. aÁrabe, con subtítulos en español, inglés y francés. a Ganadora Valor en la filmación Women Film Critics por Circle Awards, 2006 en E.U.A. ; ganadora a la mejor dirección por Golden Monbar, 2007 en Rusia ; ganadora en la realización artistica por Big Sky, 2007 E.U.A. ; mención especial por Docúpolis, 2006 en España ; mención especial, contra el silencio todas las voces, 2008 en México ; mención especial por cine del pobre, 2008 en Cuba ; selección oficial en Dubai Festival Internacional de cine, 2006, Jerusalén Festival Internacional de Cine 2007, Taipei Festival Internacional de Cine, 2008 y más de 70 festivales. aÁrabes palestinos - Condiciones sociales.xfamilias musulmanas - Cisjordania.1 aRivas, Carolinaedirectora 1 aSarhandi, Daoudeproductor2 a Cinema Films2 aPrimavera Kin (Firm)2 aCreadores contemporáneos